Catalog

Record Details

Catalog Search



Sociální patologie  Cover Image Book Book

Sociální patologie / Sylva Bartlová

Record details

  • ISBN: 80-7013-259-0
  • Physical Description: 53 s. ; 21 cm
  • Edition: Vyd. 1.
  • Publisher: Brno : Institut pro další vzdělávání pracovníků ve zdravotnictví, 1998

Content descriptions

General Note:
2000 výtisků
Bibliography, etc. Note:
Obsahuje bibliografii
Subject: sociální deviace
Genre: učebnice

LDR 01012nam a2200313 a 4500
00111902
003CZ-PrJAB
00520191118145800.0
007tu
008980512s1998 xr e p 000 0 cze
015 . ‡acnb000312242
020 . ‡a80-7013-259-0 ‡q(brož.) : ‡cneprodejné
035 . ‡a(CZ PrNK)cpk19980312242
035 . ‡a(OCoLC)39599967
040 . ‡aABA001 ‡bcze
072 7. ‡a613 ‡xHygiena. Lidské zdraví ‡2Konspekt ‡914
072 7. ‡a37.016 ‡xUčební osnovy. Vyučovací předměty. Učebnice ‡2Konspekt ‡922
080 . ‡a613.8 ‡2undef
1001 . ‡aBártlová, Sylva, ‡d1950- ‡7mzk2005274925 ‡4aut
24510. ‡aSociální patologie / ‡cSylva Bartlová
250 . ‡aVyd. 1.
260 . ‡aBrno : ‡bInstitut pro další vzdělávání pracovníků ve zdravotnictví, ‡c1998
300 . ‡a53 s. ; ‡c21 cm
500 . ‡a2000 výtisků
504 . ‡aObsahuje bibliografii
65007. ‡asociální deviace ‡7ph125780 ‡2czenas
655 7. ‡aučebnice ‡7fd133770 ‡2czenas
910 . ‡aABG312
995 . ‡aska
901 . ‡a11902 ‡bCZ-PrJAB ‡c11902 ‡tbiblio

Additional Resources